|
|
|
|
| LEADER |
01043cam a2200277 7i4500 |
| 001 |
0000066862 |
| 005 |
20220308090000.0 |
| 020 |
|
|
|a 9781466561601 (electronic book)
|
| 090 |
0 |
0 |
|a Q180.55.S7
|b I53 2014
|
| 245 |
0 |
0 |
|a Implementing reproducible research
|c edited by Victoria Stodden, Friedrich Leisch, Roger D. Peng.
|
| 264 |
|
|
|a Boca Raton, FL:
|b CRC Press,
|c 2014.
|
| 300 |
|
|
|a 1 online resource (xix, 418 pages):
|b text file, PDF.
|
| 336 |
|
|
|a text
|2 rdacontent
|
| 337 |
|
|
|a computer
|2 rdamedia
|
| 338 |
|
|
|a online resource
|2 rdacarrier
|
| 490 |
0 |
|
|a Chapman & Hall/CRC the R series
|
| 650 |
|
0 |
|a Reproducible research
|
| 650 |
|
0 |
|a Research --
|x Statistical methods
|
| 655 |
|
0 |
|a Electronic books
|
| 700 |
1 |
|
|a Stodden, Victoria
|
| 700 |
1 |
|
|a Leisch, Friedrich
|
| 700 |
1 |
|
|a Peng, Roger D.
|
| 856 |
4 |
2 |
|u http://library.unisel.edu.my/web/guest/mylibrary
|
| 997 |
|
|
|a Communication, Visual Art & Computing, Faculty
|b Computing, Department
|
| 998 |
|
|
|a Computer Science, Degree
|
| 999 |
|
|
|a EBO0011431
|b EBOOK
|c EBOOK
|e Electronic resources
|